[Event "Cto por Equipos de Aragon  Preferente I "]
[Site "?"]
[Date "2026.02.14"]
[Round "4.35"]
[White "Fuentes Garces, Pedro Jon"]
[Black "Jaso Escudero, Julen"]
[Result "0-1"]
[WhiteElo "1859"]
[BlackElo "1918"]
[PlyCount "70"]
[GameId "2278988364179570"]
[EventDate "2026.01.24"]
[WhiteTeam "Iberajedrez Mundo 64 C"]
[BlackTeam "El Olivar B"]

1. c4 e6 2. Nc3 d5 3. e3 Nf6 4. Nf3 Be7 5. b3 O-O 6. Bb2 b6 7. cxd5 exd5 8. Be2 Re8 9. O-O Bg4 10. Qc2 c5 11. Bb5 Bd7 12. d4 Bxb5 13. Nxb5 Qd7 14. Qd3 a6 15. Nc3 Nc6 16. dxc5 bxc5 17. Na4 Qd6 18. Ba3 Nb4 19. Bxb4 cxb4 20. Nd4 g6 21. Rfc1 Rac8 22. h3 Ne4 23. Qd1 Bh4 24. f3 Bf2+ 25. Kf1 Rxc1 26. Rxc1 Bxe3 27. fxe4 Qf4+ 28. Nf3 Bxc1 29. exd5 Be3 30. Qc2 Ba7 31. Nb2 Qe4 32. Qd2 Qe3 33. Qc2 Qc3 34. Qb1 Re3 35. Ng1 Qf6+ 0-1

[Event "Cto por Equipos de Aragon  Preferente I "]
[Site "?"]
[Date "2026.02.14"]
[Round "4.36"]
[White "Sisas Mainar, Izan"]
[Black "Gordo Escalada, Fernando"]
[Result "0-1"]
[WhiteElo "1866"]
[BlackElo "1798"]
[PlyCount "124"]
[GameId "2278988364187763"]
[EventDate "2026.01.24"]
[WhiteTeam "El Olivar B"]
[BlackTeam "Iberajedrez Mundo 64 C"]

1. d4 d5 2. c4 Bf5 3. Nc3 e6 4. Nf3 Nf6 5. Bg5 c6 6. cxd5 exd5 7. e3 Nbd7 8. a3 Bd6 9. Be2 h6 10. Bh4 O-O 11. b4 a6 12. Qb3 Qb8 13. a4 Re8 14. O-O Ne4 15. Nxe4 Bxe4 16. h3 Bxf3 17. Bxf3 g5 18. Bg3 Bxg3 19. fxg3 Qxg3 20. Qd3 Re7 21. Qf5 Rf8 22. Rae1 Nb6 23. Bh5 Nc4 24. Re2 Qd6 25. Qf2 Qe6 26. Bg4 Qg6 27. Bf5 Qg7 28. Bd3 Nd6 29. Qg3 Ne4 30. Qg4 Nf6 31. Qf5 Ne4 32. Rf3 Qg6 33. Bxe4 dxe4 34. Qxg6+ fxg6 35. Rxf8+ Kxf8 36. Rc2 Rd7 37. Kf2 Ke7 38. Kg3 Rd5 39. h4 gxh4+ 40. Kxh4 Kf6 41. Kg4 Rf5 42. Rc5 h5+ 43. Kh4 Rxc5 44. bxc5 a5 45. g4 hxg4 46. Kxg4 g5 47. Kg3 Kg7 48. Kh3 Kh6 49. Kg4 Kg6 50. Kh3 Kh5 51. Kg3 g4 52. Kh2 Kh4 53. Kg2 g3 54. Kg1 Kh3 55. Kh1 Kh4 56. Kg1 Kg5 57. Kf1 Kg4 58. Kg2 Kh4 59. Kg1 Kh3 60. Kh1 g2+ 61. Kg1 Kh4 62. Kf2 g1=Q+ 0-1

[Event "Cto por Equipos de Aragon  Preferente I "]
[Site "?"]
[Date "2026.02.14"]
[Round "4.37"]
[White "Rubiella Moreno, Oscar"]
[Black "Atares Buisan, Sergio"]
[Result "0-1"]
[WhiteElo "1988"]
[BlackElo "2193"]
[PlyCount "92"]
[GameId "2278988364195956"]
[EventDate "2026.01.24"]
[WhiteTeam "Enroque de Barbastro"]
[BlackTeam "MyInvestor Casablanca C"]

1. e4 c5 2. Nf3 e6 3. g3 Nc6 4. Bg2 g6 5. O-O Bg7 6. c3 Qb6 7. Re1 d6 8. Na3 Nge7 9. Nc4 Qc7 10. a4 O-O 11. d3 e5 12. Rb1 h6 13. b4 Be6 14. Be3 b6 15. Qd2 Kh7 16. h4 Rad8 17. Na3 f5 18. h5 gxh5 19. Nh4 f4 20. gxf4 exf4 21. Bxf4 Bxc3 22. Nb5 Bxd2 23. Nxc7 Rxf4 24. Nxe6 Rxh4 25. Nxd8 Nxd8 26. bxc5 bxc5 27. Red1 Bc3 28. Rb8 Ndc6 29. Re8 Rg4 30. Kf1 Rg8 31. Rxg8 Kxg8 32. f4 Nd4 33. Kf2 Ng6 34. f5 Ne5 35. Bf1 a5 36. Kg3 Ng4 37. Bh3 Nf6 38. Kf2 Nc6 39. Rb1 Nb4 40. Ke2 Kf7 41. Rg1 Be5 42. Kd2 c4 43. dxc4 Nxe4+ 44. Ke3 Ng5 45. Bg2 h4 46. Rh1 Bg3 0-1

[Event "Cto por Equipos de Aragon  Preferente I "]
[Site "?"]
[Date "2026.02.14"]
[Round "4.38"]
[White "Felipo Martinez, Marcos"]
[Black "Galicia Gracia, Pablo"]
[Result "0-1"]
[WhiteElo "2008"]
[BlackElo "1935"]
[PlyCount "196"]
[GameId "2278988364200053"]
[EventDate "2026.01.24"]
[WhiteTeam "MyInvestor Casablanca C"]
[BlackTeam "Enroque de Barbastro"]

1. c4 Nf6 2. Nc3 g6 3. Nf3 Bg7 4. e4 d6 5. d4 O-O 6. Be2 c5 7. O-O cxd4 8. Nxd4 Nc6 9. Be3 Bd7 10. h3 Nxd4 11. Bxd4 Bc6 12. Qc2 a6 13. Rfd1 Qc7 14. Rac1 Rac8 15. b4 e5 16. Be3 Rfd8 17. a4 Bd7 18. a5 Qb8 19. Bb6 Re8 20. Qd3 Bf8 21. f3 Be6 22. Na4 Bd7 23. Nc3 Be6 24. Na4 Bd7 25. Nb2 Be6 26. Rc2 Nh5 27. Be3 Nf4 28. Bxf4 exf4 29. Na4 Qa7+ 30. Nb6 Rc6 31. Kf1 Be7 32. Nd5 Bh4 33. Qd4 Qxd4 34. Rxd4 Bg5 35. Rcd2 Kg7 36. Nb6 Be7 37. b5 Rc5 38. Na4 Rc7 39. Rd1 Bf6 40. Rxd6 Bxc4 41. bxa6 bxa6 42. Bxc4 Rxc4 43. Nb6 Rc2 44. Nd5 Rb8 45. Rb6 Rxb6 46. axb6 Rb2 47. Rd3 Bd8 48. Nxf4 Bxb6 49. Ra3 a5 50. Nd5 Bd8 51. f4 Rd2 52. Nc3 Bb6 53. Ra2 Rd3 54. Nd5 Bd8 55. Ke2 Rb3 56. e5 g5 57. f5 Rb5 58. Rd2 a4 59. Kf3 a3 60. Ne3 Ba5 61. Ra2 Rb3 62. Ke4 Bc3 63. Nc4 Bb2 64. Kd5 Rd3+ 65. Kc6 Rb3 66. Kd7 Rd3+ 67. Ke7 Rb3 68. Kd7 h5 69. e6 Kf6 70. e7 Rb7+ 71. Kd6 Rxe7 72. Nxb2 Re2 73. Rxa3 Rxb2 74. g4 Rd2+ 75. Kc5 hxg4 76. hxg4 Rg2 77. Ra4 Ke5 78. Kc6 Rd2 79. Ra7 Kf6 80. Ra4 Rf2 81. Kd7 Rf4 82. Ra6+ Kg7 83. f6+ Rxf6 84. Rxf6 Kxf6 85. Kd6 Kg7 86. Kd5 Kf8 87. Ke5 Ke7 88. Kf5 f6 89. Ke4 Ke6 90. Kd4 f5 91. gxf5+ Kxf5 92. Ke3 Kg4 93. Kf2 Kh3 94. Kg1 Kg3 95. Kh1 Kf2 96. Kh2 g4 97. Kh1 Kf3 98. Kg1 Kg3 0-1

[Event "Cto por Equipos de Aragon  Preferente I "]
[Site "?"]
[Date "2026.02.14"]
[Round "4.39"]
[White "Rodriguez Avellanas, Jose Manuel"]
[Black "Aso Miranda, Carlos"]
[Result "0-1"]
[WhiteElo "1748"]
[BlackElo "1817"]
[PlyCount "52"]
[GameId "2278988364212342"]
[EventDate "2026.01.24"]
[WhiteTeam "Enroque de Barbastro"]
[BlackTeam "MyInvestor Casablanca C"]

1. c4 c5 2. Nc3 Nc6 3. g3 g6 4. Bg2 Bg7 5. d3 e6 6. e3 Nge7 7. Nge2 O-O 8. O-O a6 9. a3 Rb8 10. Rb1 b5 11. b3 b4 12. axb4 Nxb4 13. Na4 d6 14. Bb2 Bb7 15. Bxg7 Bxg2 16. Kxg2 Kxg7 17. d4 Qd7 18. e4 Kg8 19. d5 exd5 20. exd5 Nf5 21. Kg1 Rfe8 22. Qd2 Re5 23. Nac3 Qe7 24. g4 Nh4 25. f4 Re3 26. Kh1 Nf3 0-1

[Event "Cto por Equipos de Aragon  Preferente I "]
[Site "?"]
[Date "2026.02.14"]
[Round "4.40"]
[White "Rebolledo Cuesta, Francisco Javier"]
[Black "Munoz Munoz, Juan Carlos"]
[Result "1/2-1/2"]
[WhiteElo "1975"]
[BlackElo "1936"]
[PlyCount "41"]
[GameId "2278988364216439"]
[EventDate "2026.01.24"]
[WhiteTeam "Jaque - Aramovil B"]
[BlackTeam "Helios B"]

1. Nf3 c5 2. g3 Nc6 3. Bg2 g6 4. O-O Bg7 5. c4 e6 6. Nc3 Nge7 7. e3 O-O 8. d4 cxd4 9. Nxd4 d5 10. cxd5 exd5 11. Nce2 Qb6 12. b3 Bg4 13. Bb2 Nf5 14. Qd2 Nfxd4 15. Nxd4 Nxd4 16. Bxd4 Bxd4 17. Qxd4 Qxd4 18. exd4 Be6 19. Rac1 Rac8 20. f4 Kg7 21. Rfe1 1/2-1/2

[Event "Cto por Equipos de Aragon  Preferente I "]
[Site "?"]
[Date "2026.02.14"]
[Round "4.41"]
[White "Carraminana Lopez, Luis Antonio"]
[Black "Montoro Mavilla, Sergio"]
[Result "0-1"]
[WhiteElo "1913"]
[BlackElo "1962"]
[PlyCount "92"]
[GameId "2278988364224632"]
[EventDate "2026.01.24"]
[WhiteTeam "Helios B"]
[BlackTeam "Jaque - Aramovil B"]

1. e4 e5 2. Nf3 Nc6 3. Bc4 Bc5 4. c3 Nf6 5. d3 a6 6. O-O d6 7. a4 Ba7 8. Nbd2 O-O 9. h3 Ne7 10. Re1 Ng6 11. Nf1 Nh5 12. Be3 Nhf4 13. Bxa7 Rxa7 14. Ne3 Ra8 15. Kh2 c6 16. Bb3 Be6 17. Bxe6 fxe6 18. g3 Nxd3 19. Qxd3 Rxf3 20. Qe2 Rf7 21. Red1 Qf8 22. Rd2 d5 23. Kg1 Re8 24. h4 Qd6 25. h5 Nf8 26. h6 g6 27. Qg4 Nd7 28. Qg5 Qe7 29. Qxe7 Rexe7 30. Ng4 Nf6 31. Nxe5 Nxe4 32. Nxf7 Nxd2 33. Ne5 Nb3 34. Rd1 a5 35. g4 Nc5 36. Rd4 Nd7 37. f4 Nxe5 38. fxe5 g5 39. Rd3 Rf7 40. Kg2 Rf4 41. Kg3 Kf7 42. b4 b6 43. bxa5 bxa5 44. Rd2 Kg6 45. Rb2 Kxh6 46. Rb6 Rc4 0-1

[Event "Cto por Equipos de Aragon  Preferente I "]
[Site "?"]
[Date "2026.02.14"]
[Round "4.42"]
[White "Zazuliak, Kostiantyn"]
[Black "Anson Casaos, Alejandro"]
[Result "1-0"]
[WhiteElo "1918"]
[BlackElo "1874"]
[PlyCount "119"]
[GameId "2278988364232825"]
[EventDate "2026.01.24"]
[WhiteTeam "Jaque - Aramovil B"]
[BlackTeam "Helios B"]

1. d4 Nf6 2. Bg5 e6 3. e4 h6 4. Bxf6 Qxf6 5. Nc3 Bb4 6. Qd3 O-O 7. a3 Ba5 8. O-O-O d6 9. g3 Nd7 10. f4 Bxc3 11. Qxc3 e5 12. Ne2 exd4 13. Qxd4 Qxd4 14. Nxd4 Nc5 15. Bg2 a6 16. Rhe1 Rb8 17. c3 Re8 18. b4 Nd7 19. Nf3 Nb6 20. Nd4 Bd7 21. Bf1 Re7 22. Nf5 Bxf5 23. exf5 Rxe1 24. Rxe1 Kf8 25. Kd2 Nd5 26. Bg2 Ne7 27. g4 Nc8 28. h4 Nb6 29. Kd3 c6 30. g5 d5 31. Bh3 Nc4 32. f6 Nd6 33. fxg7+ Kxg7 34. Re7 hxg5 35. hxg5 Rh8 36. Re3 Nc4 37. Rg3 Nxa3 38. f5 Nc4 39. Kd4 Nd2 40. Bg2 Rh4+ 41. Kc5 Rc4+ 42. Kb6 Nb1 43. f6+ Kg6 44. Bf1 Re4 45. Bd3 Nxc3 46. Bc2 Na2 47. Bxe4+ dxe4 48. Kc5 b6+ 49. Kc4 a5 50. bxa5 bxa5 51. Kd4 Nb4 52. Kxe4 Nd5 53. Kf3 Nc7 54. Kg4 Ne6 55. Kh4 c5 56. Ra3 c4 57. Rc3 Nxg5 58. Rg3 Kxf6 59. Rxg5 a4 60. Rc5 1-0

[Event "Cto por Equipos de Aragon  Preferente I "]
[Site "?"]
[Date "2026.02.14"]
[Round "4.43"]
[White "Sgibnev Huayllani, Daniel Vladimir"]
[Black "Carrasquer Alonso, Luis"]
[Result "1/2-1/2"]
[WhiteElo "1729"]
[BlackElo "1872"]
[PlyCount "78"]
[GameId "2278988364236922"]
[EventDate "2026.01.24"]
[WhiteTeam "Helios B"]
[BlackTeam "Jaque - Aramovil B"]

1. d4 d5 2. Bf4 Nf6 3. e3 e6 4. Nd2 Be7 5. Bd3 c5 6. c3 Nc6 7. Ngf3 Bd7 8. Ne5 Rc8 9. O-O Na5 10. Bg5 cxd4 11. exd4 b5 12. Bxf6 Bxf6 13. f4 Nc4 14. Ndxc4 dxc4 15. Bc2 Bc6 16. Qh5 g6 17. Nxc6 gxh5 18. Nxd8 Rxd8 19. f5 O-O 20. Rae1 Rde8 21. fxe6 fxe6 22. a3 h4 23. Re4 Re7 24. Ref4 Ref7 25. Re1 Bg5 26. Rxf7 Rxf7 27. Be4 a6 28. Bf3 Re7 29. Re2 Kf8 30. Kf1 Ke8 31. Ke1 Kd7 32. Kd1 Kc7 33. Re4 Kd6 34. Rg4 h6 35. Re4 Bf6 36. Kc2 e5 37. dxe5+ Rxe5 38. Rd4+ Kc7 39. h3 Bg5 1/2-1/2

[Event "Cto por Equipos de Aragon  Preferente I "]
[Site "?"]
[Date "2026.02.14"]
[Round "4.44"]
[White "Ramon Perez, Jose Luis"]
[Black "Gracia Suarez, Jesus"]
[Result "0-1"]
[WhiteElo "2137"]
[BlackElo "2065"]
[PlyCount "52"]
[GameId "2278988364245115"]
[EventDate "2026.01.24"]
[WhiteTeam "Fraga"]
[BlackTeam "San Jose"]

1. e4 c5 2. Nc3 Nc6 3. Bb5 Nd4 4. Nf3 a6 5. Bd3 b5 6. a4 b4 7. Nxd4 cxd4 8. Ne2 e5 9. c3 Qh4 10. Ng3 Nh6 11. Bc4 Bb7 12. Qf3 Bc5 13. d3 O-O 14. cxd4 exd4 15. O-O Ng4 16. h3 Ne5 17. Qf5 Qe7 18. Bg5 Qe8 19. Nh5 d5 20. exd5 Bc8 21. Qf4 f6 22. Bxf6 Nxc4 23. Qc7 Qf7 24. Qxc5 Qxh5 25. Bxd4 Nd2 26. Qe7 Qg6 0-1

[Event "Cto por Equipos de Aragon  Preferente I "]
[Site "?"]
[Date "2026.02.14"]
[Round "4.45"]
[White "Ferreruela Romero, Jose Joaquin"]
[Black "Aribau Rivas, Miguel Angel"]
[Result "1-0"]
[WhiteElo "2010"]
[BlackElo "1999"]
[PlyCount "107"]
[GameId "2278988364253308"]
[EventDate "2026.01.24"]
[WhiteTeam "San Jose"]
[BlackTeam "Fraga"]

1. d4 d5 2. c4 e6 3. Nf3 Nf6 4. g3 Be7 5. Bg2 O-O 6. O-O dxc4 7. Na3 Bxa3 8. bxa3 c5 9. dxc5 Qa5 10. Qc2 c3 11. Bf4 Qxc5 12. Rfd1 Ng4 13. e3 Qxa3 14. Rab1 Qa5 15. Rd3 Nc6 16. Bd6 Rd8 17. Rbd1 Bd7 18. Rxc3 Rac8 19. Rc5 Nb4 20. Qxh7+ Kxh7 21. Rxa5 Nc6 22. Ra3 Nf6 23. Ne5 Nxe5 24. Bxe5 Bc6 25. Rxd8 Rxd8 26. Bxc6 bxc6 27. Bxf6 gxf6 28. Rxa7 Kg6 29. a4 c5 30. Kf1 Rd2 31. a5 Ra2 32. a6 Kg7 33. h4 c4 34. Ke1 f5 35. Ra8 Kh7 36. a7 Kg7 37. Kd1 c3 38. Kc1 c2 39. Kd2 Kh7 40. h5 Kg7 41. h6+ Kh7 42. f3 f6 43. Kc1 e5 44. Kd2 Ra6 45. Kxc2 Ra4 46. Kb3 Ra1 47. Kc4 Ra5 48. Kb4 Ra1 49. Kc5 Ra6 50. Kb5 Ra1 51. Kc6 e4 52. fxe4 fxe4 53. g4 Ra5 54. Kd6 1-0

[Event "Cto por Equipos de Aragon  Preferente I "]
[Site "?"]
[Date "2026.02.14"]
[Round "4.46"]
[White "Casas Chine, German"]
[Black "Rubio Tello, Abel"]
[Result "1-0"]
[WhiteElo "1885"]
[BlackElo "1854"]
[PlyCount "87"]
[GameId "2278988364257405"]
[EventDate "2026.01.24"]
[WhiteTeam "Fraga"]
[BlackTeam "San Jose"]

1. e4 e6 2. d4 d5 3. e5 c5 4. c3 Bd7 5. Nf3 Qb6 6. a3 Bb5 7. Bd3 Nc6 8. b4 cxd4 9. cxd4 Bxd3 10. Qxd3 Nge7 11. O-O h5 12. Nc3 a6 13. Be3 Nf5 14. Nxd5 Qd8 15. Nc3 Be7 16. Qe4 g5 17. d5 Nxe3 18. fxe3 exd5 19. Nxd5 g4 20. Nd4 Nxd4 21. exd4 Rh6 22. Ne3 Qb6 23. Nc4 Qc6 24. d5 Qg6 25. Qf5 b5 26. Na5 Qxf5 27. Rxf5 Rc8 28. Rd1 Rc3 29. Nc6 g3 30. hxg3 Rg6 31. Nxe7 Kxe7 32. d6+ Kd8 33. Rxf7 Rcxg3 34. Rd2 Re3 35. Re7 h4 36. Rf2 Rg8 37. Rff7 h3 38. Ra7 Rc3 39. Ra8+ Rc8 40. Rxc8+ Kxc8 41. e6 Rxg2+ 42. Kh1 Re2 43. Rf8+ Kb7 44. e7 1-0

[Event "Cto por Equipos de Aragon  Preferente I "]
[Site "?"]
[Date "2026.02.14"]
[Round "4.47"]
[White "Obon Zuniga, Francisco"]
[Black "Martinez Arbones, Victor"]
[Result "1-0"]
[WhiteElo "1832"]
[BlackElo "1747"]
[PlyCount "53"]
[GameId "2278988364269694"]
[EventDate "2026.01.24"]
[WhiteTeam "San Jose"]
[BlackTeam "Fraga"]

1. c4 f5 2. Nc3 e6 3. d4 Nf6 4. e3 Bb4 5. Bd2 Bxc3 6. Bxc3 b6 7. Bd3 Bb7 8. f3 d6 9. Qc2 Nbd7 10. O-O-O O-O 11. Nh3 Qe7 12. Rhe1 c5 13. Kb1 d5 14. cxd5 Bxd5 15. e4 c4 16. Bf1 fxe4 17. fxe4 Nxe4 18. Rxe4 Bxe4 19. Qxe4 b5 20. Bd2 Nf6 21. Qe1 Rfc8 22. Bb4 Qe8 23. Ng5 Qg6+ 24. Bd3 cxd3 25. Qxe6+ Kh8 26. Nf7+ Kg8 27. Ne5+ 1-0

[Event "Cto por Equipos de Aragon  Preferente I "]
[Site "?"]
[Date "2026.02.14"]
[Round "4.48"]
[White "Salamero Pelay, Fernando"]
[Black "Lopez Guaita, Fernando"]
[Result "1-0"]
[WhiteElo "2087"]
[BlackElo "1899"]
[PlyCount "55"]
[GameId "2278988364277887"]
[EventDate "2026.01.24"]
[WhiteTeam "Atletismo Huesca"]
[BlackTeam "Utebo San Lamberto"]

1. d4 Nc6 2. Nf3 Nf6 3. Nc3 d6 4. Bf4 g6 5. e4 Bg7 6. Qd2 Bg4 7. O-O-O O-O 8. Bb5 Bxf3 9. gxf3 Nxd4 10. Qxd4 e5 11. Bxe5 dxe5 12. Qxe5 Qc8 13. Qe7 c6 14. Bc4 b5 15. Bb3 a5 16. a4 Rb8 17. e5 Rb7 18. Bxf7+ Kh8 19. exf6 Rxe7 20. fxe7 Bxc3 21. bxc3 Kg7 22. exf8=Q+ Qxf8 23. Rd7 Qa3+ 24. Kd2 bxa4 25. Re1 Qc5 26. Bg8+ Kf6 27. Rf7+ Kg5 28. Rg1+ 1-0

[Event "Cto por Equipos de Aragon  Preferente I "]
[Site "?"]
[Date "2026.02.14"]
[Round "4.49"]
[White "Moursy Sadek, Tarek"]
[Black "Gella Bitrian, Diego"]
[Result "0-1"]
[WhiteElo "1868"]
[BlackElo "1975"]
[PlyCount "104"]
[GameId "2278988364286080"]
[EventDate "2026.01.24"]
[WhiteTeam "Utebo San Lamberto"]
[BlackTeam "Atletismo Huesca"]

1. d4 Nf6 2. Bf4 g6 3. c4 Bg7 4. Nc3 d6 5. Nf3 O-O 6. e3 Bf5 7. h3 Ne4 8. Bd3 Nxc3 9. bxc3 Bxd3 10. Qxd3 Nd7 11. O-O Re8 12. Qc2 e5 13. Bg3 Qe7 14. Rab1 b6 15. a4 f5 16. a5 h6 17. Qa4 g5 18. Rfe1 Qf7 19. Qc6 f4 20. exf4 exf4 21. Bh2 Nf6 22. Nd2 bxa5 23. Kh1 Rxe1+ 24. Rxe1 Re8 25. Rd1 Re2 26. Bg1 g4 27. hxg4 Nxg4 28. Qd5 Qxd5 29. cxd5 Nxf2+ 30. Bxf2 Rxf2 31. Kg1 Re2 32. Kf1 Re3 33. Rc1 Kf7 34. Nc4 Rg3 35. Nxa5 Kg6 36. Nc6 a6 37. Nd8 Kf5 38. Ne6 Ke4 39. Kf2 a5 40. Re1+ Kf5 41. Ra1 Bf6 42. Nxc7 Rxc3 43. Nb5 Rc2+ 44. Kf3 Be7 45. Rxa5 Rb2 46. Nc7 Bh4 47. g4+ fxg3 48. Ra1 Rf2+ 49. Ke3 Bg5+ 50. Kd3 g2 51. Rg1 Rd2+ 52. Kc3 Be3 0-1

[Event "Cto por Equipos de Aragon  Preferente I "]
[Site "?"]
[Date "2026.02.14"]
[Round "4.50"]
[White "Gella Lopez, Angel"]
[Black "Escudero Martin, Jose Antonio"]
[Result "1-0"]
[WhiteElo "1952"]
[BlackElo "1835"]
[PlyCount "61"]
[GameId "2278988364290177"]
[EventDate "2026.01.24"]
[WhiteTeam "Atletismo Huesca"]
[BlackTeam "Utebo San Lamberto"]

1. d4 e6 2. c4 f5 3. Nf3 Nf6 4. g3 c6 5. Bg2 d5 6. O-O Bd6 7. b3 Qe7 8. Bb2 O-O 9. Nbd2 b6 10. Ne5 Bb7 11. Rc1 Na6 12. Ndf3 Rac8 13. Nd3 Rfd8 14. e3 Nb4 15. c5 bxc5 16. dxc5 Bxc5 17. Nxc5 Nxa2 18. Nxb7 Qxb7 19. Ra1 Nb4 20. Bxf6 gxf6 21. Qd4 c5 22. Qxf6 Rd6 23. Ne5 a6 24. Nc4 Rdc6 25. Na5 Qg7 26. Qxg7+ Kxg7 27. Nxc6 Rxc6 28. Rfc1 Nd3 29. Rc3 Ne5 30. Ra5 Nd7 31. Bf1 1-0

[Event "Cto por Equipos de Aragon  Preferente I "]
[Site "?"]
[Date "2026.02.14"]
[Round "4.51"]
[White "Vicente Agustin, Mario"]
[Black "Molina Cubero-Luna, German"]
[Result "0-1"]
[WhiteElo "1787"]
[BlackElo "1927"]
[PlyCount "74"]
[GameId "2278988364298370"]
[EventDate "2026.01.24"]
[WhiteTeam "Utebo San Lamberto"]
[BlackTeam "Atletismo Huesca"]

1. e4 e6 2. d4 d5 3. e5 c5 4. Nf3 Nc6 5. Nc3 cxd4 6. Nb5 Bc5 7. Be2 Nge7 8. O-O a6 9. Nd6+ Bxd6 10. exd6 Qxd6 11. Nxd4 e5 12. Nb3 O-O 13. Re1 Be6 14. Bf3 f5 15. Be3 d4 16. Bxc6 Nxc6 17. c3 f4 18. Bc1 d3 19. Nd2 Rad8 20. a3 Kh8 21. b4 b5 22. Bb2 Bd5 23. f3 Ne7 24. a4 Nf5 25. c4 Ne3 26. Rxe3 fxe3 27. cxd5 exd2 28. Qxd2 Qxd5 29. axb5 axb5 30. Re1 Rfe8 31. Re3 Qc4 32. Bxe5 Qc2 33. Rxd3 Qxd2 34. Rxd2 Rxd2 35. f4 Rxe5 36. fxe5 Rb2 37. Kf1 Rxb4 0-1

[Event "Ctopor Equipos de Aragon  Preferente II "]
[Site "?"]
[Date "2026.02.14"]
[Round "4.52"]
[White "Latorre Abad, Fernando"]
[Black "Galve Guinea, Alejandro"]
[Result "1/2-1/2"]
[WhiteElo "2066"]
[BlackElo "1958"]
[PlyCount "64"]
[GameId "2278988364306563"]
[EventDate "2026.01.24"]
[WhiteTeam "ONCE C A Aragon Delicias B"]
[BlackTeam "El Olivar C"]

1. e4 e6 2. d4 d5 3. Bd3 dxe4 4. Bxe4 Nf6 5. Bf3 c5 6. Ne2 Nc6 7. Be3 cxd4 8. Nxd4 Ne5 9. Nc3 a6 10. Qe2 Be7 11. O-O-O Nfd7 12. Be4 Qc7 13. Bf4 Qc4 14. Rhe1 Qxe2 15. Rxe2 Ng6 16. Bc7 O-O 17. g3 Nf6 18. Bg2 Bd7 19. Nb3 Rac8 20. Bd6 Bc6 21. Bxc6 Rxc6 22. Bxe7 Nxe7 23. Ne4 Nxe4 24. Rxe4 Nd5 25. Na5 Rc7 26. Rc4 Rxc4 27. Nxc4 g6 28. Ne3 Nf6 29. Rd4 Rc8 30. f3 Kf8 31. c4 Ke7 32. Kd2 Rc5 1/2-1/2

[Event "Ctopor Equipos de Aragon  Preferente II "]
[Site "?"]
[Date "2026.02.14"]
[Round "4.53"]
[White "Lavilla Castano, Julian"]
[Black "Fuertes Garay, Javier"]
[Result "1/2-1/2"]
[WhiteElo "1867"]
[BlackElo "1993"]
[PlyCount "85"]
[GameId "2278988364310660"]
[EventDate "2026.01.24"]
[WhiteTeam "El Olivar C"]
[BlackTeam "ONCE C A Aragon Delicias B"]

1. d4 Nf6 2. c4 e6 3. Nc3 Bb4 4. e3 b6 5. Nge2 Bb7 6. a3 Bxc3+ 7. Nxc3 O-O 8. Bd3 d6 9. e4 Nbd7 10. Be3 c5 11. d5 exd5 12. exd5 Re8 13. O-O a6 14. a4 h6 15. Re1 Ne5 16. Bf4 Nxd3 17. Qxd3 Qd7 18. h3 Rxe1+ 19. Rxe1 Re8 20. Rxe8+ Nxe8 21. Qg3 Kh8 22. b3 Qe7 23. Qe3 Qxe3 24. fxe3 f5 25. Kf2 g5 26. Bh2 Kg7 27. e4 f4 28. g3 fxg3+ 29. Bxg3 Kf6 30. Kf3 Bc8 31. h4 Bh3 32. hxg5+ hxg5 33. Nd1 Bd7 34. Nf2 Ke7 35. Ng4 b5 36. axb5 axb5 37. e5 dxe5 38. Nxe5 bxc4 39. bxc4 Bf5 40. Bf2 Kf6 41. Ng4+ Bxg4+ 42. Kxg4 Nd6 43. Bxc5 1/2-1/2

[Event "Ctopor Equipos de Aragon  Preferente II "]
[Site "?"]
[Date "2026.02.14"]
[Round "4.54"]
[White "Ferrer Echavarri, Francisco Javier"]
[Black "De La Riva Fernandez, Eduardo"]
[Result "0-1"]
[WhiteElo "1907"]
[BlackElo "1862"]
[PlyCount "80"]
[GameId "2278988364318853"]
[EventDate "2026.01.24"]
[WhiteTeam "ONCE C A Aragon Delicias B"]
[BlackTeam "El Olivar C"]

1. d4 d5 2. c4 c6 3. cxd5 cxd5 4. Nc3 Nf6 5. Bf4 Nc6 6. e3 a6 7. a3 e6 8. Bd3 Bd6 9. Nge2 O-O 10. Qc2 h6 11. Bxd6 Qxd6 12. f4 Ng4 13. Nd1 f5 14. h3 Nf6 15. Nf2 Bd7 16. Nc3 Ne7 17. g4 Rac8 18. Qe2 Ne4 19. Nfxe4 dxe4 20. Bc4 Kh8 21. Rd1 b5 22. Ba2 b4 23. axb4 Qxb4 24. Kf2 Qa5 25. Ra1 Qb6 26. Rhc1 g5 27. Kg3 gxf4+ 28. exf4 Qxd4 29. Rd1 Rxc3+ 30. bxc3 Qxc3+ 31. Kh2 Bb5 32. Qf2 e3 33. Qg3 Qc2+ 34. Kg1 e2 35. Rdc1 Qe4 36. Bb1 Qd4+ 37. Kh2 Qxa1 38. Qh4 Qg7 39. g5 Ng6 40. Qh5 Nxf4 0-1

[Event "Ctopor Equipos de Aragon  Preferente II "]
[Site "?"]
[Date "2026.02.14"]
[Round "4.55"]
[White "Alonso-Lej Garcia, Daniel"]
[Black "Martinez Blanco, Ruben"]
[Result "1-0"]
[WhiteElo "1781"]
[BlackElo "1856"]
[PlyCount "75"]
[GameId "2278988364327046"]
[EventDate "2026.01.24"]
[WhiteTeam "El Olivar C"]
[BlackTeam "ONCE C A Aragon Delicias B"]

1. e4 c5 2. Nf3 Nc6 3. Bb5 g6 4. O-O Bg7 5. c3 e5 6. d3 Qe7 7. Be3 Nf6 8. Nbd2 O-O 9. Nb3 d6 10. h3 h6 11. Re1 Be6 12. Bxc6 bxc6 13. Qd2 Kh7 14. c4 Nh5 15. Qe2 f5 16. exf5 Rxf5 17. Nbd2 Raf8 18. a3 Nf4 19. Bxf4 Rxf4 20. b4 cxb4 21. axb4 d5 22. Nxe5 Rxf2 23. Qe3 d4 24. Qxf2 Rxf2 25. Kxf2 Qh4+ 26. Kg1 h5 27. Nef3 Qf6 28. Rxe6 Qf5 29. Ne4 h4 30. Rxa7 Qf4 31. Ree7 Qc1+ 32. Kf2 Qe3+ 33. Kf1 Qc1+ 34. Ne1 Qf4+ 35. Nf2 c5 36. Rxg7+ Kh6 37. Rh7+ Kg5 38. Nf3+ 1-0

[Event "Ctopor Equipos de Aragon  Preferente II "]
[Site "?"]
[Date "2026.02.14"]
[Round "4.56"]
[White "Pallares Jover, Adrian"]
[Black "Carruez Berges, Santiago"]
[Result "1-0"]
[WhiteElo "2076"]
[BlackElo "1922"]
[PlyCount "75"]
[GameId "2278988364331143"]
[EventDate "2026.01.24"]
[WhiteTeam "Aulazenter B"]
[BlackTeam "Agrupacion B"]

1. e4 e6 2. d4 d5 3. Bd3 dxe4 4. Bxe4 Nf6 5. Bf3 Be7 6. Ne2 O-O 7. O-O Nbd7 8. Nbc3 c5 9. Be3 Qc7 10. a4 a6 11. Kh1 Rd8 12. Bf4 e5 13. dxe5 Nxe5 14. Nd5 Nxd5 15. Bxd5 Bd6 16. Nc3 Ng4 17. Bg3 Bxg3 18. fxg3 Nf6 19. Rxf6 gxf6 20. Qh5 Be6 21. Re1 Bxd5 22. Nxd5 Rxd5 23. Qxd5 Rd8 24. Qf3 Kg7 25. Qg4+ Kf8 26. h3 Rd5 27. Qf3 Qd6 28. Re4 b5 29. axb5 axb5 30. Qe3 Re5 31. Qh6+ Ke7 32. Qxh7 Qe6 33. Rf4 Re3 34. Qf5 Qe5 35. Kh2 c4 36. Qc8 Qd5 37. Qc7+ Ke8 38. Qb8+ 1-0

[Event "Ctopor Equipos de Aragon  Preferente II "]
[Site "?"]
[Date "2026.02.14"]
[Round "4.57"]
[White "Larrosa Poves, Jose Manuel"]
[Black "Osuna Smyshlyayev, Ivan"]
[Result "1/2-1/2"]
[WhiteElo "1917"]
[BlackElo "1934"]
[PlyCount "84"]
[GameId "2278988364339336"]
[EventDate "2026.01.24"]
[WhiteTeam "Agrupacion B"]
[BlackTeam "Aulazenter B"]

1. d4 d5 2. c4 e6 3. Nc3 Nf6 4. Bg5 Be7 5. e3 O-O 6. Nf3 c5 7. cxd5 Nxd5 8. Bxe7 Qxe7 9. Nxd5 exd5 10. Be2 c4 11. O-O Bf5 12. b3 b5 13. a4 Qb4 14. axb5 cxb3 15. Bd3 Bxd3 16. Qxd3 b2 17. Rab1 a6 18. Qe2 a5 19. Rxb2 Qd6 20. Ra1 Rc8 21. g3 Nd7 22. Qd2 Nb6 23. Rxa5 Nc4 24. Rxa8 Rxa8 25. Ra2 Rb8 26. Qd3 g6 27. Ne5 Nxe5 28. dxe5 Qxe5 29. Rd2 Qa1+ 30. Kg2 Qa5 31. Rb2 Qd8 32. Qd4 Rb6 33. e4 Rd6 34. Rd2 Qe8 35. exd5 Qxb5 36. h4 h5 37. Kh2 f6 38. Qe4 Kf7 39. f4 Qd7 40. Qd4 Qf5 41. Qc4 Qd7 42. Kg2 Kg7 1/2-1/2